Drapeaux des Pays du Monde - Statistiques

Statistiques générales
  • Ce quiz a été pris 1 021 fois
  • Le résultat moyen est 118 sur 197
Statistiques - réponses
Par images Réponse % Correct
Portugal
91%
Afrique du Sud
90%
Brésil
90%
Macédoine du Nord
90%
Canada
89%
Belgique
88%
États-Unis
88%
Italie
88%
France
87%
Jamaïque
87%
Suisse
86%
Tunisie
86%
Ukraine
86%
Allemagne
85%
Chine
85%
Finlande
85%
Grèce
85%
Russie
85%
Turquie
85%
Chypre
84%
Algérie
83%
Arabie saoudite
83%
Argentine
83%
Royaume-Uni
83%
Croatie
82%
Maroc
82%
Albanie
81%
Liban
81%
Népal
81%
Bulgarie
80%
Géorgie
80%
Mexique
80%
Nigeria
80%
Pays-Bas
80%
Vietnam
80%
Australie
79%
Côte d’Ivoire
79%
Qatar
79%
Espagne
78%
Norvège
78%
Cameroun
77%
Corée du Sud
77%
Danemark
77%
Monaco
77%
Inde
76%
Uruguay
76%
Colombie
75%
Corée du Nord
74%
Israël
74%
Japon
74%
Laos
73%
Malaisie
72%
Serbie
72%
Vatican
72%
Bangladesh
71%
Chili
71%
Islande
71%
Kenya
71%
Kosovo
71%
Suède
71%
Andorre
70%
Costa Rica
70%
Hongrie
70%
Slovénie
70%
Indonésie
69%
Irlande
69%
Nouvelle-Zélande
69%
Panama
69%
Arménie
68%
Roumanie
68%
Saint-Marin
68%
Bosnie-Herzégovine
67%
Égypte
67%
Pakistan
67%
Pérou
67%
Thaïlande
67%
Cambodge
66%
Cuba
66%
Lettonie
66%
Sri Lanka
66%
Tchéquie
66%
Azerbaïdjan
65%
Paraguay
65%
République démocratique du Congo
65%
Monténégro
64%
Ouganda
64%
Pologne
64%
Lituanie
63%
Mali
63%
Singapour
63%
Biélorussie
62%
Iran
62%
Équateur
61%
Luxembourg
61%
Madagascar
61%
Mongolie
61%
Bhoutan
60%
Ghana
60%
Kazakhstan
60%
Niger
60%
Émirats arabes unis
59%
Gabon
59%
Togo
59%
Papouasie-Nouvelle-Guinée
58%
Philippines
58%
Ouzbékistan
57%
Comores
56%
Liechtenstein
56%
Moldavie
56%
Afghanistan
55%
Estonie
55%
Haïti
55%
Slovaquie
55%
Autriche
54%
Burkina Faso
54%
Cap-vert
54%
Djibouti
54%
Éthiopie
54%
Guatemala
54%
Irak
54%
République dominicaine
54%
Seychelles
54%
Mauritanie
53%
Mozambique
53%
Bénin
52%
Botswana
52%
Palaos
52%
Sénégal
52%
Venezuela
52%
Angola
51%
Malte
51%
Honduras
50%
Koweït
50%
Palestine
50%
Zambie
50%
Burundi
49%
Eswatini
49%
Jordanie
49%
République du Congo
49%
Taïwan
49%
Yémen
48%
Barbade
47%
Malawi
47%
Maldives
47%
Maurice
47%
Oman
47%
Guinée
46%
Micronésie
46%
Nicaragua
46%
Suriname
46%
Bahreïn
45%
Fidji
45%
Libye
45%
Sainte-Lucie
45%
République centrafricaine
43%
Salvador
43%
Somalie
43%
Tonga
43%
Dominique
42%
Érythrée
42%
Grenade
42%
Rwanda
42%
Tchad
42%
Antigua-et-Barbuda
41%
Belize
41%
Guinée-Bissau
41%
Guyana
41%
Syrie
41%
Turkménistan
41%
Bolivie
40%
Libéria
40%
Tanzanie
40%
Lesotho
39%
Nauru
39%
Samoa
38%
Soudan
37%
Bahamas
36%
Namibie
36%
Sierra Leone
36%
Timor oriental
36%
Kiribati
35%
Sao Tomé-et-Principe
35%
Tuvalu
35%
Brunei
33%
Gambie
33%
Tadjikistan
33%
Îles Marshall
32%
Kirghizistan
32%
Soudan du Sud
32%
Zimbabwe
32%
Guinée équatoriale
31%
Myanmar
30%
Trinité-et-Tobago
30%
Îles Salomon
29%
Saint-Christophe-et-Niévès
29%
Saint-Vincent-et-les-Grenadines
29%
Vanuatu
26%
Aucun quiz correspondant
Distribution des résultats
% des personnes avec chaque résultat
Percentile par nombre de réponses
Votre historique - résultats
Vous n’avez pas pris ce quiz